| 000 | 00770nam a22002417a 4500 | ||
|---|---|---|---|
| 005 | 20250523114102.0 | ||
| 008 | 250523b |||||||| |||| 00| 0 eng d | ||
| 020 | _a978-93-92899-81-2 (hbk) | ||
| 037 | _cTB | ||
| 040 |
_aCRL _cCRL |
||
| 041 |
_2eng _aeng |
||
| 084 | _aV2.D R4 | ||
| 100 |
_aSwami, Sunita _9810395 |
||
| 245 |
_aAncient and medieval India: _bHistory, law and justice |
||
| 260 |
_aNew Delhi, India: _bSeva Books, _c2024. |
||
| 300 | _avi, 254p. | ||
| 365 |
_b2600.00 _cINR |
||
| 490 | _aHistory -1 | ||
| 650 |
_aIndia History _9810396 |
||
| 650 |
_aAncient History _9810397 |
||
| 942 |
_2CC _cTB _hV2.D R4 _n0 |
||
| 999 |
_c1430950 _d1430950 |
||